Modern Day Countries of the Parthian Empire on a map - Statistics

General Stats
  • This quiz has been taken 943 times
  • The average score is 18 of 18
Answers on the Map
Answers color-coded by a green-red scale on the quiz's map according to % correct below.
 
Answer Stats
Answer % Correct
Iran
100%
Iraq
100%
Afghanistan
99%
India
99%
Pakistan
99%
Saudi Arabia
99%
Turkey
99%
Armenia
98%
Kuwait
98%
Azerbaijan
97%
Qatar
97%
Syria
97%
Turkmenistan
97%
United Arab Emirates
97%
Tajikistan
96%
Uzbekistan
96%
Bahrain
95%
Kyrgyzstan
95%
No matching quizzes found
Score Distribution
Percent of People with Each Score
Percentile by Number Answered
Your Score History
You have not taken this quiz